| 000 | 00965nas a2200337 4500 | ||
|---|---|---|---|
| 001 | BR0101074 | ||
| 003 | BR-BrBNA | ||
| 005 | 20231205102108.0 | ||
| 007 | ta | ||
| 008 | 230509b bl.|||p| |||| 00| 00por d | ||
| 040 |
_aBR-BrBNA _bpor _cBiblioteca Nacional de Agricultura |
||
| 041 | _a(Pt) | ||
| 072 | _aF30; H50 | ||
| 100 | 1 | _aWilladino, L. | |
| 100 | 1 | _aMartins, M.H.B. | |
| 100 | 1 | _aCamara, T.R. | |
| 100 | 1 | _aAndrade, A.G. | |
| 100 | 1 | _aAlves, G.D. | |
| 245 | 1 | _aResposta de genotipos de milho ao estresse salino em condicoes hidroponicas | |
| 650 | _aMilho | ||
| 650 | _aGenotipo | ||
| 650 | _aSalinidade | ||
| 650 | _aStress | ||
| 650 | _aTaxa de Crescimento | ||
| 650 | _aMateria Seca | ||
| 650 | _aCultivo Hidroponico | ||
| 650 | _aResposta da Planta | ||
| 773 | 0 |
_tScientia Agricola (Brazil) _xISSN 0103-9016 _g(Oct-Dec 1999), v. 56(4) p. 1209-1213 _wBR0101074 |
|
| 909 |
_a202311 _bLúcia _c55 _dLúcia Elande |
||
| 942 |
_2AGRIS _n0 _cANA |
||
| 999 |
_c165710 _d165710 |
||